Bollettino mensile delle novita' librarie. (Record no. 185157)

MARC details
000 -LEADER
campo de control de longitud fija 00674nas a2200217 i 4500
001 - NÚMERO DE CONTROL
campo de control 185157
003 - IDENTIFICADOR DE NÚMERO DE CONTROL
campo de control ES-MaACL
005 - FECHA Y HORA DE LA ÚLTIMA TRANSACCIÓN
campo de control 20250903084345.0
008 - DATOS DE LONGITUD FIJA--INFORMACIÓN GENERAL
campo de control de longitud fija 160331d1899 it m| | ||ta d
110 0# - ENTRADA PRINCIPAL--NOMBRE DE ENTIDAD CORPORATIVA
Nombre de entidad corporativa o nombre de jurisdicción como elemento de entrada Fratelli Bocca.
9 (RLIN) 4178
245 10 - MENCIÓN DEL TÍTULO
Título Bollettino mensile delle novita' librarie.
260 ## - PUBLICACIÓN, DISTRIBUCIÓN, ETC.
Lugar de publicación, distribución, etc. Roma :
Nombre del editor, distribuidor, etc. Fratelli Bocca,
Fecha de publicación, distribución, etc. 1899-
300 ## - DESCRIPCIÓN FÍSICA
Extensión v. ;
Dimensiones 25 cm.
310 ## - PERIODICIDAD ACTUAL
Periodicidad actual Mensual
362 0# - FECHAS DE PUBLICACIÓN Y/O DESIGNACIÓN SECUENCIAL
Fecha de publicación y/o designación secuencial Año 1 (nº 1 1899)-
650 #7 - PUNTO DE ACCESO ADICIONAL DE MATERIA--TÉRMINO DE MATERIA
Término de materia o nombre geográfico como elemento de entrada Catálogos de editores-
Subdivisión cronológica S.XIX
Fuente del encabezamiento o término
9 (RLIN) 169796
650 #7 - PUNTO DE ACCESO ADICIONAL DE MATERIA--TÉRMINO DE MATERIA
Término de materia o nombre geográfico como elemento de entrada Catálogos de editores-
Subdivisión cronológica S.XX
Fuente del encabezamiento o término
9 (RLIN) 169795
852 ## - LOCALIZACIÓN
Ubicación ES-MaACL
Número de control de estantería T967-F-2
Nota libre .- Enc. en un vol. facticio
866 #0 - MENCIÓN TEXTUAL DE FONDOS--UNIDAD BIBLIOGRÁFICA BÁSICA
Fondos 1899 (nº 10, ottobre)
Holdings
Estatus retirado Estado de pérdida Estado de daño No para préstamo Colección Biblioteca de origen Biblioteca actual Ubicación en estantería Fecha de adquisición Fuente de adquisición Total de préstamos Signatura topográfica completa Código de barras Visto por última vez Precio de reemplazo Tipo de ítem Koha
        Colección de folletos Biblioteca del Ateneo de Madrid Biblioteca del Ateneo de Madrid Depósito folletos 31/03/2016     T-967-F-2 1195037 23/02/2023 23/02/2023 Folleto